| 000 | 003990000a22001090004500 | ||
|---|---|---|---|
| 090 |
_aAS _bSeriadas |
||
| 245 | 1 | 0 | _aClave para las familias de Pteriodófitos de las islas de Gorgona y Gorgonilla |
| 041 | 0 | _aEspañol | |
| 100 | 1 |
_aMurillo Pulido, María Teresa _91390 |
|
| 942 | _cARTICULO | ||
| 773 | 1 |
_tRevista de la Academia Colombiana de Ciencias Exactas, Fisicas y Naturales _332 _h66 _q441-444 _d1990 _g17 |
|
| 999 |
_c14232 _d14232 |
||